Úloha vláknitých húb Trichoderma sp. v biologickej ochrane rastlín
Enregistré dans:
| Auteur principal: | |
|---|---|
| Autres auteurs: | |
| Format: | Manuscrit Livre |
| Langue: | slovaque |
| Publié: |
2015
|
| Sujets: | |
| Accès en ligne: | http://is.stuba.sk/zp/portal_zp.pl?podrobnosti=107706 |
| Tags: |
Pas de tags, Soyez le premier à ajouter un tag!
|
MARC
| LEADER | 00000ntm a22000003a 4500 | ||
|---|---|---|---|
| 001 | stuzp53085 | ||
| 003 | SK-STU | ||
| 005 | 20160719154356.6 | ||
| 007 | ta | ||
| 008 | 150427s2015----xo-----f-mn---000-0-slo-d | ||
| 040 | |a STU |b slo | ||
| 041 | 0 | |a slo | |
| 100 | 1 | |a Ďurišová, Barbora, |d 1989- |u 043260 |4 aut |U FCHPT Ústav biochémie, výživy a ochrany zdravia |T FCHPT Oddelenie biochémie a mikrobiológie |X 69367 |U C3260 |Y 113 |7 A000069367 | |
| 242 | 0 | 1 | |a The role of the filamentous fungi Trichoderma sp. in biological plant protection |y eng |
| 245 | 1 | 0 | |a Úloha vláknitých húb Trichoderma sp. v biologickej ochrane rastlín |
| 260 | |c 2015 | ||
| 650 | 4 | |a Trichoderma sp. |2 slo | |
| 650 | 4 | |a účinok IAA na rast Trichoderma sp. |2 slo | |
| 650 | 4 | |a syntéza auxínov |2 slo | |
| 650 | 4 | |a kyselina indol-3-octová |2 slo | |
| 650 | 4 | |a indol-3-acetic acid |2 eng | |
| 650 | 4 | |a Trichoderma sp. |2 eng | |
| 650 | 4 | |a influence of IAA on growth of Trichoderma sp. |2 eng | |
| 650 | 4 | |a auxin synthesis |2 eng | |
| 700 | 1 | |a Olejníková, Petra, |d 1978- |4 ths |X 3976 |7 A000003976 | |
| 856 | 4 | |u http://is.stuba.sk/zp/portal_zp.pl?podrobnosti=107706 | |
| SQL | |a stuzp53085 |b DDP |c SLO |d Úloha vláknitých húb Trichoderma sp. v biologickej ochrane rastlín |e 69367 |f Ďurišová, Barbora |g 043260 |h 3976 |i Olejníková, Petra |j 20150609 |k 560 |l 04 |m http://is.stuba.sk/zp/portal_zp.pl?podrobnosti=107706 |n I-BIOTE |o 5.2.25. biotechnológie | ||